| 000 | 00576nam a2200181Ia 4500 | ||
|---|---|---|---|
| 008 | 090124s9999 xx 000 0 und d | ||
| 082 |
_b7602 _a680 |
||
| 100 | _aवायंगणकर भालचंद्र श्या. | ||
| 245 | _a जय जानबा | ||
| 250 | _a1 | ||
| 260 | _c1951 | ||
| 300 | _a154 | ||
| 600 | _aवायंगणकर भालचंद्र श्या. | ||
| 630 | _a जय जानबा | ||
| 700 | _aवायंगणकर भालचंद्र श्या. | ||
| 730 | _a जय जानबा | ||
| 942 | _cBOOK | ||
| 999 |
_c121543 _d121543 |
||